000 nam a22 a 4500
999 _c1761
_d1761
003 AKMAL
005 20170511152535.0
008 170511s1995 my 00 eng d
020 _a9679787443 (v.1 : pbk.):
_cRM8.00
040 _aAKMAL
_cAKMAL
049 0 0 _aklpmal
082 0 4 _a337.11823 MAH
_221
090 0 0 _a337.11823
_bMAH
100 0 _aMahathir Mohamad,
_cTun,
_d1925-
_941
245 1 0 _aRegional development and the Pacific community /
_cselected speeches by Dr. Mahathir Mohamad, Prime Minister of Malaysia ; edited by Hashim Makaruddin
260 _aSubang Jaya :
_bPelanduk Publications,
_c1995
300 0 0 _av. (various pagings) ;
_c22cm
650 0 _aSpeeches, addresses, etc.
_954
651 0 _aPacific Area
_xForeign economic relations
_994
651 0 _aPacific Area cooperation
_xSpeeches in Congress
_93635
651 0 _aPacific Area
_xForeign relations
_xSpeeches in Congress
_93636
700 0 _aHashim Makaruddin
_958
942 _2ddc
_cBOOK